000 00292nam a22001337a 4500
008 180814b xxu||||| |||| 00| 0 eng d
020 _a9780471435709
041 _aeng
080 _27 ED
_a338
100 _a53
101 _aMAN
245 _aMANAGEMENT
_cSCHERMERHORN
942 _2udc
_cBK
999 _c47140
_d47140